Pays du monde contenant un Z - Statistiques

Statistiques générales
  • Ce quiz a été pris 748 fois
  • Le résultat moyen est 8 sur 12
Statistiques - réponses
Pays % Correct
Zimbabwe
96%
Zambie
95%
Azerbaidjan
81%
Ouzbékistan
71%
Nouvelle-Zélande
69%
Mozambique
68%
Kazakhstan
63%
Kirghizistan
63%
Belize
58%
Venezuela
56%
Tanzanie
55%
Bosnie-Herzégovine
52%
Aucun quiz correspondant
Distribution des résultats
% des personnes avec chaque résultat
Percentile par nombre de réponses
Votre historique - résultats
Vous n’avez pas pris ce quiz